Prochain épisode: roman

Guardat en:
Dades bibliogràfiques
Autor principal: Aquin, Hubert
Format: Llibre
Idioma:French
Publicat: Ottawa, Canadá Le Cercle du Livre de France 1965
Matèries:
Etiquetes: Afegir etiqueta
Sense etiquetes, Sigues el primer a etiquetar aquest registre!

MARC

LEADER 00000nam a2200000Ia 4500
008 170316s9999 xx 000 0 fre d
040 |a cru BVZT 
090 |a 818 A-4p 
100 |a Aquin, Hubert 
245 |a Prochain épisode: roman 
260 |a Ottawa, Canadá 
260 |b Le Cercle du Livre de France 
260 |c 1965 
300 |a 174 páginas 
650 |a LITERATURA CANADIENSE 
650 |a EN IDIOMA FRANCÉS 
650 |a NOVELA  |9 13 
999 |c 6328  |d 6328 
942 |c LIB  |h 818 A-4p  |2 z